Morning thoughts for the King's servants / (Record no. 6062)
[ view plain ]
| 000 -LEADER | |
|---|---|
| fixed length control field | 00923cam a2200313I 4500 |
| 001 - CONTROL NUMBER | |
| control field | 518254 |
| 003 - CONTROL NUMBER IDENTIFIER | |
| control field | OSt |
| 005 - DATE AND TIME OF LATEST TRANSACTION | |
| control field | 20190111174514.0 |
| 008 - FIXED-LENGTH DATA ELEMENTS--GENERAL INFORMATION | |
| fixed length control field | 811120t18971897pauaf 000 0 eng |
| 035 ## - SYSTEM CONTROL NUMBER | |
| System control number | (OCoLC)ocm07944299 |
| 035 ## - SYSTEM CONTROL NUMBER | |
| System control number | (OCoLC)ocn936556273 |
| 035 ## - SYSTEM CONTROL NUMBER | |
| System control number | 518254 |
| 040 ## - CATALOGING SOURCE | |
| Original cataloging agency | PTS |
| Language of cataloging | eng |
| Description conventions | rda |
| Transcribing agency | PTS |
| 050 ## - LIBRARY OF CONGRESS CALL NUMBER | |
| Classification number | PR4759.H8 |
| Item number | M6 1897 |
| 082 ## - DEWEY DECIMAL CLASSIFICATION NUMBER | |
| Classification number | 242.2 |
| Item number | H387m |
| 100 1# - MAIN ENTRY--PERSONAL NAME | |
| Personal name | Havergal, Frances Ridley, |
| Dates associated with a name | 1836-1879. |
| 245 10 - TITLE STATEMENT | |
| Title | Morning thoughts for the King's servants / |
| Statement of responsibility, etc. | Francis Ridley Havergal. |
| 264 #1 - PRODUCTION, PUBLICATION, DISTRIBUTION, MANUFACTURE, AND COPYRIGHT NOTICE | |
| Place of production, publication, distribution, manufacture | Philadelphia : |
| Name of producer, publisher, distributor, manufacturer | H. Altemus, |
| Date of production, publication, distribution, manufacture, or copyright notice | [1897] |
| 264 #4 - PRODUCTION, PUBLICATION, DISTRIBUTION, MANUFACTURE, AND COPYRIGHT NOTICE | |
| Date of production, publication, distribution, manufacture, or copyright notice | �1897 |
| 300 ## - PHYSICAL DESCRIPTION | |
| Extent | ii, 179 pages : |
| Other physical details | frontispiece, plates. ; |
| Dimensions | 16 cm |
| 336 ## - CONTENT TYPE | |
| Content type term | text |
| Content type code | txt |
| Source | rdacontent |
| 337 ## - MEDIA TYPE | |
| Media type term | unmediated |
| Media type code | n |
| Source | rdamedia |
| 338 ## - CARRIER TYPE | |
| Carrier type term | volume |
| Carrier type code | nc |
| Source | rdacarrier |
| 500 ## - GENERAL NOTE | |
| General note | Title within ornamental border. |
| 500 ## - GENERAL NOTE | |
| General note | T.-p. lacking. |
| 650 #0 - SUBJECT ADDED ENTRY--TOPICAL TERM | |
| Topical term or geographic name entry element | Meditations. |
| 942 ## - ADDED ENTRY ELEMENTS (KOHA) | |
| Source of classification or shelving scheme | Dewey Decimal Classification |
| Koha item type | Books |
| 945 ## - LOCAL PROCESSING INFORMATION (OCLC) | |
| a | MARCIVE20181205 |
| Withdrawn status | Lost status | Source of classification or shelving scheme | Damaged status | Not for loan | Collection code | Home library | Current library | Shelving location | Date acquired | Cost, normal purchase price | Total Checkouts | Full call number | Barcode | Date last seen | Price effective from | Koha item type |
|---|---|---|---|---|---|---|---|---|---|---|---|---|---|---|---|---|
| Dewey Decimal Classification | Non-fiction | Harvest Mission College | Harvest Mission College | General Stacks | 11.01.2019 | 250.00 | 242.2 H387m | 007026 | 11.01.2019 | 11.01.2019 | Books |
